Локальное магнитное поле в нерегулярной вихревой решетке сверхпроводника II рода; Известия Томского политехнического университета [Известия ТПУ]; Т. 309, № 2

Detaylı Bibliyografya
Parent link:Известия Томского политехнического университета [Известия ТПУ]/ Томский политехнический университет (ТПУ).— , 2000-
Т. 309, № 2.— 2006.— [С. 31-34]
Yazar: Минкин А. В.
Diğer Yazarlar: Царевский С. Л.
Özet:Заглавие с титульного листа
Электронная версия печатной публикации
С помощью модифицированного уравнения Лондонов для сверхпроводников II рода с каппа>>1 (каппа - параметр Гинзбурга-Ландау) найдено распределение магнитного поля h(ро,z) и функция распределения f(h,z,сигма) для регулярной и нерегулярной решеток вихрей Абрикосова на разных глубинах z от поверхности сверхпроводника. Показано, что в зависимости от "степени нерегулярности" вихревой решетки сверхпроводника локальное магнитное поле существенно изменяется.
Dil:Rusça
Baskı/Yayın Bilgisi: 2006
Seri Bilgileri:Естественные науки
Konular:
Online Erişim:http://www.lib.tpu.ru/fulltext/v/Bulletin_TPU/2006/v309/i2/07.pdf
Materyal Türü: MixedMaterials Elektronik Kitap Bölümü
KOHA link:https://koha.lib.tpu.ru/cgi-bin/koha/opac-detail.pl?biblionumber=171156

MARC

LEADER 00000nla2a2200000 4500
001 171156
005 20231031163930.0
035 |a (RuTPU)RU\TPU\book\185612 
035 |a RU\TPU\book\185608 
090 |a 171156 
100 |a 20091202d2006 k y0rusy50 ca 
101 0 |a rus 
102 |a RU 
135 |a drnn ---uucaa 
181 0 |a i  
182 0 |a b 
200 1 |a Локальное магнитное поле в нерегулярной вихревой решетке сверхпроводника II рода  |b Электронный ресурс  |f А. В. Минкин, С. Л. Царевский 
203 |a Текст  |c электронный 
215 |a 1 файл (447 Кб) 
225 1 |a Естественные науки 
230 |a Электронные текстовые данные (1 файл : 447 Кб) 
300 |a Заглавие с титульного листа 
300 |a Электронная версия печатной публикации 
320 |a [Библиогр.: с. 34 (16 назв.)] 
330 |a С помощью модифицированного уравнения Лондонов для сверхпроводников II рода с каппа>>1 (каппа - параметр Гинзбурга-Ландау) найдено распределение магнитного поля h(ро,z) и функция распределения f(h,z,сигма) для регулярной и нерегулярной решеток вихрей Абрикосова на разных глубинах z от поверхности сверхпроводника. Показано, что в зависимости от "степени нерегулярности" вихревой решетки сверхпроводника локальное магнитное поле существенно изменяется. 
337 |a Adobe Reader 
461 1 |0 (RuTPU)RU\TPU\book\176237  |t Известия Томского политехнического университета [Известия ТПУ]  |f Томский политехнический университет (ТПУ)  |d 2000- 
463 1 |0 (RuTPU)RU\TPU\book\185599  |t Т. 309, № 2  |v [С. 31-34]  |d 2006  |p 288 с. 
610 1 |a локальные поля 
610 1 |a магнитные поля 
610 1 |a вихревые решетки 
610 1 |a нерегулярные решетки 
610 1 |a сверхпроводники 
610 1 |a модифицированное уравнение Лондонов 
610 1 |a параметр Гинзбурга Ландау 
610 1 |a функции распределения 
610 1 |a регулярные решетки 
610 1 |a нерегулярные решетки 
610 1 |a вихри Абрикосова 
610 1 |a электронный ресурс 
700 1 |a Минкин  |b А. В. 
701 1 |a Царевский  |b С. Л. 
801 1 |a RU  |b 63413507  |c 20090623  |g PSBO 
801 2 |a RU  |b 63413507  |c 20211015  |g PSBO 
856 4 |u http://www.lib.tpu.ru/fulltext/v/Bulletin_TPU/2006/v309/i2/07.pdf 
942 |c CF